Toxic bachelors

Bibliographic Details
Main Author: Steel, Danielle
Format: Book
Published: London Corgi Books , 2005
Subjects:

MARC

LEADER 00000cam a2200000 7i4500
001 0000115607
005 20080114.0
020 |a 0552151793 
090 0 0 |a F   |b STE 
100 1 |a Steel, Danielle 
245 1 0 |a Toxic bachelors   |c Danielle Steel 
260 |a London Corgi Books ,   |c 2005 
300 |a 512p. ;   |c 18cm. 
650 0 0 |a Fiction 
999 |a 00208391   |b BUKU   |c PINJAMAN   |e PERPUSTAKAAN KOMUNITI PETALING JAYA